|
|
|
|
| LEADER |
00000nab a2200000 ar4500 |
| 001 |
vtls009007938 |
| 003 |
SK-MaSNL |
| 005 |
20260303065503.0 |
| 008 |
070718c2007 xo er|p|||||||000 b|slo |
| 015 |
|
|
|a SNBRB2007/07
|2 snkbucl
|
| 038 |
|
|
|a SNKBUCL
|
| 040 |
|
|
|a SNKBUCL
|b slo
|c SNKBUCL
|e AACR2
|
| 041 |
0 |
|
|a slo
|
| 044 |
|
|
|a xo
|c SK
|
| 080 |
|
|
|a 27-32
|x (048)
|2 2001
|
| 080 |
|
|
|a 27-247
|x (048)
|2 2001
|
| 100 |
1 |
|
|a Schuster, Michal
|4 aut
|9 437638
|
| 245 |
1 |
0 |
|a James M. Robinson: Judášove tajomstvá
|c Michal Schuster
|
| 600 |
0 |
7 |
|a Judáš Iškariotský,
|d činný 1. storočie
|2 snkbucl
|9 105593
|
| 630 |
0 |
7 |
|a Judášovo evanjelium
|2 snkbucl
|9 157771
|
| 655 |
|
7 |
|a recenzie
|2 snkbucl
|9 21907
|
| 773 |
0 |
|
|t Knižná revue
|g Roč. XVII, č. 14-15 (2007), s. 8
|x 1210-1982
|
| 787 |
0 |
8 |
|i Rec.:
|a Robinson, James M.
|t Judášove tajomstvá
|d Bratislava : Remedium, 2007
|z 9788089230101
|
| 852 |
|
|
|a SNK
|b KIS3GCP
|
| 958 |
|
|
|a RC
|
| 999 |
|
|
|c 1751371
|d 1753301
|